| 000 | 01307nam a2200325 a 4500 | ||
|---|---|---|---|
| 001 | BRCA_8635 | ||
| 005 | 20190320210343.0 | ||
| 008 | 220916s1820----mx-b######---#000-0#spa-# | ||
| 041 | _aspa | ||
| 044 | _amx | ||
| 050 | 4 |
_aF1386 _b.Z86 _c1820 |
|
| 100 | 1 |
_aZúñiga y Ontiveros, D. Mariano Josef de _921560 |
|
| 245 | 1 | 0 |
_aCalendario manual y guia de forasteros en méjico para el año de 1820 bisiesto _cD. Mariano Josef de Zúñiga y Ontiveros. |
| 260 |
_a[México] _bEn la oficina del autor _c1820 |
||
| 300 |
_a245 p. _bMapas _c13 cm |
||
| 500 | _aFondo antiguo | ||
| 500 | _aSe encuentra en Caja Fuerte | ||
| 500 | _aP-122 | ||
| 500 | _aCon Ex-libris de: Franz Mayer | ||
| 500 | _aGrabados con escudo y retrato de Fernando VIII Rey de España se localiza en la anteportada | ||
| 500 | _aIncluye tablas | ||
| 500 | _aIncluye dos mapas: plano de la Ciudad de México y mapa de las crecanias de México que comprende todas sus lagunas | ||
| 500 | _aIncluye índice | ||
| 500 | _aNota de encuadernación: pasta valenciana | ||
| 506 | 0 | _aFondo reservado: para su consulta es necesario credencial de usuario y carta de motivos | |
| 650 | 1 | 4 |
_aCalendarios _zMéxico _921561 |
| 650 | 1 | 4 |
_aDescripción y viajes _vGuía de viajeros _xGeografía _zMéxico _921562 |
| 902 | _aLAR | ||
| 942 |
_2lcc _cB |
||
| 999 |
_c8295 _d8295 |
||